00871nam a2200217 a 450000100060000000300080000600500170001400800410003103500190007204000260009104100080011708200220012511000400014724501220018726000820030930000850039165000300047694200120050699900170051895201180053575049BD-RjUL20211209082634.0190114s1961 ca af||| |||| 00| 0 eng d a(BD-RjUL)75267 aBD-RjULbengcBD-RjUL aeng 223a555bHUR 1961 aHunting Survey Corporation.922693310aReconnaissance geology of part of West Pakistan : a Colombo Plan co-operative project /cHunting Survey Corporation. aToronto, Ont. :b Government of Canada for the Government of Pakistan, c1961 axliii, 550, 172 pages :b illustrations, maps (3 columns, fol.), plates ,c28 cm aGeologyzPakistan9226934 2ddccBK c75049d75049 00102ddc40718NFICaRUCLbRUCLcReadingd2019-01-14l0o555 HUR 1961r2019-01-14 00:00:00tC-1w2019-01-14yBK